000 00455nam a22001817a 4500
003 MPLRDC
005 20220104143927.0
008 210129b ||||| |||| 00| 0 eng d
020 _a7-80009-538-X
082 _a909.4 WDT
100 _a王端廷; 李黎阳 著
245 _a写给大家的西方美术史
_c
250 _a一版一刷
260 _a
_b时事出版社
_c1999
300 _b
650 _a西洋艺术史
942 _cBK
_o909.4 WDT
999 _c44709
_d44699